Aristotle: the politics and the Constitution of Athens (Record no. 84360)

MARC details
000 -LEADER
fixed length control field 00862nam a2200181 a 4500
008 - FIXED-LENGTH DATA ELEMENTS--GENERAL INFORMATION
fixed length control field 200805s1996 ||||||||||||||||| || u
020 ## - INTERNATIONAL STANDARD BOOK NUMBER
International Standard Book Number 9780521484008
050 ## - LIBRARY OF CONGRESS CALL NUMBER
Classification number JC 71 .A41 Ari
100 ## - MAIN ENTRY--PERSONAL NAME
Personal name Everson, Stephen
245 10 - TITLE STATEMENT
Title Aristotle: the politics and the Constitution of Athens
Statement of responsibility, etc. Edited by Stephen Everson
260 ## - PUBLICATION, DISTRIBUTION, ETC.
Place of publication, distribution, etc. Cambridge
Name of publisher, distributor, etc. Cambridge University Press
Date of publication, distribution, etc. 1996
300 ## - PHYSICAL DESCRIPTION
Extent xlvi, 279 pages
490 ## -
-- Cambridge texts in the history of political thought
650 ## - SUBJECT ADDED ENTRY--TOPICAL TERM
Topical term or geographic name entry element PHILOSOPHY
650 #0 - SUBJECT ADDED ENTRY--TOPICAL TERM
Topical term or geographic name entry element POLITICAL SCIENCE
995 ## -
-- MAIN LIBRARY OPEN ACCESS
-- 26.37
-- 750413
-- CBU-MAIN LIBRARY (Kitwe)
-- JC 71 .A41 Ari
-- 1
-- AVAILABLE
-- Aug 6, 2020
-- 750413
-- Main Library Open Access Collection
995 ## -
-- MAIN LIBRARY OPEN ACCESS
-- 26.37
-- 750414
-- CBU-MAIN LIBRARY (Kitwe)
-- JC 71 .A41 Ari
-- 2
-- AVAILABLE
-- Aug 6, 2020
-- 750414
-- Main Library Open Access Collection
999 ## -
-- 84360
-- 84360
Holdings
Withdrawn status Lost status Source of classification or shelving scheme Damaged status Not for loan Permanent Location Current Location Shelving location Date acquired Total Checkouts Full call number Barcode Date last seen Copy number Price effective from Koha item type
          CBU-MAIN LIBRARY, KITWE. CBU-MAIN LIBRARY, KITWE.   01/25/2024   JC 71 .A41 Ari 750413 01/25/2024 1 01/25/2024 MONOGRAPH
          CBU-MAIN LIBRARY, KITWE. CBU-MAIN LIBRARY, KITWE.   01/25/2024   JC 71 .A41 Ari 750414 01/25/2024 2 01/25/2024 MONOGRAPH